| 000 | 00561nam a22002177a 4500 | ||
|---|---|---|---|
| 003 | OSt | ||
| 005 | 20140310182939.0 | ||
| 008 | 130202t xxu||||| |||| 00| 0 eng d | ||
| 020 | _a9712331253 | ||
| 050 |
_aHF 5718.3 _b.B298 2001 |
||
| 082 |
_aFIL 808.0666 _bW93 2001 |
||
| 245 |
_aWriting for the corporate world _cBascara, Linda R. |
||
| 260 |
_aManila _bRex Book Store _cc2001 |
||
| 300 |
_a183 p. _c22 cm. |
||
| 521 | _acollege students | ||
| 526 | _c1210L-1700L | ||
| 541 | _j1 | ||
| 541 | _j2 | ||
| 562 | _e2 | ||
| 942 |
_2lcc _cBK _kFIL |
||
| 999 |
_c17687 _d17687 |
||